[Event "Chess24 Banter Blitz Cup"]
[Site "chess24.com INT"]
[Date "2020.01.04"]
[Round "2.9"]
[White "Kovalenko, Igor"]
[Black "Neiksans, Arturs"]
[Result "1-0"]
[WhiteTitle "GM"]
[BlackTitle "GM"]
[WhiteElo "2674"]
[BlackElo "2570"]
[WhiteFideId "14117908"]
[BlackFideId "11601388"]
[EventDate "2019.09.25"]
[EventType "blitz"]

1. d4 Nf6 2. Nf3 e6 3. e3 b6 4. Bd3 Bb7 5. O-O d5 6. a4 Bd6 7. a5 c5 8. Nc3 Nbd7
9. Nb5 Bb8 10. a6 Bc6 11. b3 O-O 12. Bb2 Qe8 13. c4 e5 14. dxe5 Nxe5 15. Bxe5
Bxe5 16. Nxe5 Qxe5 17. cxd5 Bxd5 18. Bc4 Bc6 19. Qd6 Ng4 20. Qxe5 Nxe5 21. Nc3
Rfd8 22. Rfd1 Nxc4 23. bxc4 Kf8 24. Kf1 Ke7 25. Ke2 Rab8 26. f3 Rxd1 27. Rxd1 b5
28. cxb5 Bxb5+ 29. Ke1 Bc4 30. Ne4 Bxa6 31. Ra1 Bc8 32. Rxa7+ Rb7 33. Rxb7+ Bxb7
34. Nxc5 Bc6 35. Ke2 Kd6 36. Nb3 f5 37. Kd3 Bd5 38. Nd2 g6 39. Kd4 Be6 40. h4
Ke7 41. Ke5 Bd7 42. Nb3 Be6 43. Nd4 Bd7 44. Ne2 Be6 45. Nf4 Bf7 46. Nd5+ Kf8 47.
Nf6 Kg7 48. g4 fxg4 49. fxg4 h6 50. g5 hxg5 51. hxg5 Kf8 52. Kd6 Bb3 53. e4 Kf7
54. e5 Bc4 55. Nd5 Bxd5 56. Kxd5 Ke7 57. e6 Ke8 58. Kd6 Kd8 59. e7+ Ke8 60. Kd5
Kxe7 61. Ke5 1-0

[Event "Chess24 Banter Blitz Cup"]
[Site "chess24.com INT"]
[Date "2020.01.04"]
[Round "2.10"]
[White "Neiksans, Arturs"]
[Black "Kovalenko, Igor"]
[Result "1-0"]
[WhiteTitle "GM"]
[BlackTitle "GM"]
[WhiteElo "2570"]
[BlackElo "2674"]
[WhiteFideId "11601388"]
[BlackFideId "14117908"]
[EventDate "2019.09.25"]
[EventType "blitz"]

1. e4 d5 2. exd5 Qxd5 3. Nc3 Qa5 4. Nf3 Nf6 5. d4 Bf5 6. Bc4 e6 7. Bd2 Bb4 8. a3
Bxc3 9. Bxc3 Qb6 10. O-O O-O 11. Re1 Nbd7 12. b3 a5 13. a4 c6 14. Bb2 Rfd8 15.
Qe2 Nd5 16. Rad1 h6 17. h3 Qc7 18. Qd2 b5 19. Bf1 bxa4 20. bxa4 N7b6 21. c4 Nb4
22. Bc3 c5 23. Rc1 Nxa4 24. Ba1 Nb6 25. Qb2 f6 26. dxc5 Qxc5 27. Nd4 Nd7 28.
Rxe6 Bxe6 29. Nxe6 Qc6 30. Nxd8 Rxd8 31. c5 Ne5 32. Qb3+ Kh8 33. Qa3 Ned3 34.
Rd1 Qxc5 35. Bxd3 a4 36. Be2 Rxd1+ 37. Bxd1 Qd5 38. Qc1 Nd3 39. Qd2 Qc4 40. Bc2
Nb4 41. Qd8+ Qg8 42. Qxg8+ Kxg8 43. Bxa4 1-0

[Event "Chess24 Banter Blitz Cup"]
[Site "chess24.com INT"]
[Date "2020.01.04"]
[Round "2.11"]
[White "Kovalenko, Igor"]
[Black "Neiksans, Arturs"]
[Result "1/2-1/2"]
[WhiteTitle "GM"]
[BlackTitle "GM"]
[WhiteElo "2674"]
[BlackElo "2570"]
[WhiteFideId "14117908"]
[BlackFideId "11601388"]
[EventDate "2019.09.25"]
[EventType "blitz"]

1. e4 e5 2. Nf3 Nc6 3. Bb5 a6 4. Ba4 Nf6 5. O-O Be7 6. Re1 b5 7. Bb3 d6 8. c3
O-O 9. h3 Nb8 10. d4 Nbd7 11. c4 c6 12. a3 bxc4 13. Bxc4 Nxe4 14. Rxe4 d5 15.
Re1 dxc4 16. dxe5 Nc5 17. Nc3 Nb3 18. Rb1 Bf5 19. Be3 Bxb1 20. Qxb1 Qd3 21. Rd1
Qxb1 22. Rxb1 Rfd8 23. Ne4 Rd5 24. Kf1 Rad8 25. Ke2 f5 26. exf6 gxf6 27. g4 Kf7
28. h4 Rb8 29. g5 Rdb5 30. Nc3 R5b7 31. Rg1 Nc5 32. Nd1 Na4 33. Bc1 c3 34. bxc3
Rb1 35. Ne3 Nxc3+ 36. Kd3 Nd5 37. Nxd5 cxd5 38. Kc2 Ra1 39. Rd1 Rc8+ 40. Kd2
Ra2+ 41. Ke3 Rac2 42. Bd2 Bxa3 43. Ra1 Bc5+ 44. Kd3 Be7 45. Rxa6 R2c6 46. Ra7
R6c7 47. Ra5 Rc5 48. Ra7 R8c7 49. Ra6 Kg7 50. h5 fxg5 51. h6+ Kf7 52. Ne5+ Ke8
53. Ra8+ Rc8 54. Ra7 Bf6 55. Nf7 R8c7 56. Nd6+ Kd7 57. Nb7 Rb5 58. Ra6 Rcxb7 59.
Rxf6 R5b6 60. Rf7+ Ke6 61. Rf8 Rb3+ 62. Kd4 Rb8 63. Rxb8 Rxb8 64. Bxg5 Rg8 65.
f4 Rg6 66. Kc5 Kf5 67. Kxd5 Rxg5 68. fxg5 Kxg5 69. Ke4 Kxh6 70. Kf3 Kg6 71. Kg2
h5 72. Kh2 Kg5 73. Kh1 1/2-1/2

[Event "Chess24 Banter Blitz Cup"]
[Site "chess24.com INT"]
[Date "2020.01.04"]
[Round "2.12"]
[White "Neiksans, Arturs"]
[Black "Kovalenko, Igor"]
[Result "0-1"]
[WhiteTitle "GM"]
[BlackTitle "GM"]
[WhiteElo "2570"]
[BlackElo "2674"]
[WhiteFideId "11601388"]
[BlackFideId "14117908"]
[EventDate "2019.09.25"]
[EventType "blitz"]

1. e4 c5 2. Nf3 e6 3. g3 Nc6 4. Bg2 Nf6 5. Nc3 d5 6. exd5 exd5 7. d4 cxd4 8.
Nxd4 Bc5 9. Nb3 Bb4 10. O-O Be6 11. Be3 O-O 12. Bc5 Bxc5 13. Nxc5 Qb6 14. Nb3
Rad8 15. Ne2 Bg4 16. h3 Bxe2 17. Qxe2 Rfe8 18. Qd1 Ne5 19. Qd4 Nc4 20. Qxb6 axb6
21. Rab1 Ne4 22. Rfd1 g6 23. c3 Kf8 24. Rd4 Nf6 25. Nd2 b5 26. Bf3 Re6 27. Nf1
Ra6 28. a3 Ra4 29. Rd3 Ne5 30. Re3 Nc4 31. Re2 Ra6 32. Rd1 Re6 33. Rc2 b6 34.
Nd2 Red6 35. Nb3 Ne5 36. Bg2 Nc6 37. Nd4 Nxd4 38. Rxd4 Rc6 39. Rcd2 Rc5 40. Bf3
Ke7 41. h4 h5 42. Kg2 Rd6 43. Kf1 Kd7 44. Ke1 Kc6 45. Kd1 Rc4 46. Kc2 Rxd4 47.
Rxd4 Re6 48. Rf4 Kd6 49. Kd3 Ke7 50. Rb4 Nd7 51. Be2 Nc5+ 52. Kd2 Ne4+ 53. Ke1
Nd6 54. Rxb5 Nxb5 0-1

[Event "Chess24 Banter Blitz Cup"]
[Site "chess24.com INT"]
[Date "2020.01.04"]
[Round "2.13"]
[White "Kovalenko, Igor"]
[Black "Neiksans, Arturs"]
[Result "0-1"]
[WhiteTitle "GM"]
[BlackTitle "GM"]
[WhiteElo "2674"]
[BlackElo "2570"]
[WhiteFideId "14117908"]
[BlackFideId "11601388"]
[EventDate "2019.09.25"]
[EventType "blitz"]

1. d4 Nf6 2. Nf3 e6 3. c4 b6 4. Nc3 Bb4 5. e3 Bb7 6. Bd3 O-O 7. O-O d5 8. cxd5
exd5 9. Qc2 a6 10. a3 Bd6 11. b4 Nbd7 12. Rb1 Re8 13. a4 c6 14. h3 Rc8 15. a5 b5
16. Bd2 Qe7 17. Ne2 Ne4 18. Bc3 f5 19. Nd2 Qg5 20. f4 Qe7 21. Bxe4 dxe4 22. Nb3
Nf6 23. Nc5 Nd5 24. Qd2 Rcd8 25. Qc1 Bc8 26. Kh2 Bxc5 27. dxc5 Be6 28. Be5 Rc8
29. Nd4 Bd7 30. Qd2 Qf7 31. g3 Qg6 32. Rf2 Re7 33. Rg1 Rce8 34. Bd6 Rf7 35. Rgg2
h5 36. Kg1 Kh7 37. Ne2 Qf6 38. Nd4 Rg8 39. Rh2 g5 40. fxg5 Rg6 41. h4 Qg7 42.
Rf1 Rxd6 43. cxd6 Qg6 44. Rhf2 Qxd6 45. Kh2 Qe5 46. Rc1 Qd6 47. Rc5 Kg6 48. Ne2
Be6 49. Nf4+ Kh7 50. Nxd5 Bxd5 51. Qd4 Qe6 52. Rfc2 Kg6 53. Qd2 Qd6 54. Qf2 Rd7
55. Qf4 Qe6 56. Kg2 Bc4 57. Qe5 Qd6 58. Qxd6+ Rxd6 59. Kf2 Rd1 60. Kg2 Bd5 61.
Rf2 Rd3 62. Rfc2 Rxe3 63. Rxc6+ Bxc6 64. Rxc6+ Kg7 65. Rc5 Rb3 66. Rxf5 Rxb4 67.
Re5 Ra4 68. Kf2 Rxa5 69. Ke3 Ra3+ 70. Kxe4 Rxg3 71. Kf5 Rf3+ 72. Ke6 Rf7 73. Kd6
Rf8 74. Re6 Rf7 75. Kd5 b4 76. Ke5 b3 77. Rb6 Re7+ 78. Kf5 Rf7+ 79. Ke4 Rf8 80.
Kd3 Re8 0-1

[Event "Chess24 Banter Blitz Cup"]
[Site "chess24.com INT"]
[Date "2020.01.04"]
[Round "2.14"]
[White "Neiksans, Arturs"]
[Black "Kovalenko, Igor"]
[Result "0-1"]
[WhiteTitle "GM"]
[BlackTitle "GM"]
[WhiteElo "2570"]
[BlackElo "2674"]
[WhiteFideId "11601388"]
[BlackFideId "14117908"]
[EventDate "2019.09.25"]
[EventType "blitz"]

1. e4 d5 2. exd5 Qxd5 3. Nc3 Qa5 4. Nf3 Nf6 5. d4 Bf5 6. Bc4 e6 7. Bd2 Bb4 8.
O-O c6 9. a3 Bxc3 10. Bxc3 Qc7 11. Qe2 O-O 12. Ne5 Be4 13. f3 Bd5 14. Bd3 Nfd7
15. Bd2 Nxe5 16. dxe5 c5 17. c4 Bc6 18. f4 Nd7 19. Bc3 Rfe8 20. Rae1 Nf8 21. f5
exf5 22. Bxf5 Bd7 23. Bb1 Be6 24. Be4 a6 25. h3 Rad8 26. Rd1 Ng6 27. b3 b6 28.
Bf3 Nf4 29. Qe3 Ng6 30. Kh1 b5 31. Bd5 bxc4 32. bxc4 Rd7 33. Qe4 Red8 34. Rd3
Ne7 35. Bxe6 fxe6 36. Rxd7 Qxd7 37. Qf3 Ng6 38. Ba5 Rf8 39. Qe2 Rxf1+ 40. Qxf1
Nxe5 41. Qf4 Nc6 42. Bc3 h6 43. Qe4 Qd1+ 44. Kh2 Qd6+ 45. Kh1 e5 46. Qf5 Nd4 47.
Qe4 Kf7 48. Kh2 Kf6 49. Kh1 Qe6 50. Kh2 Qxc4 51. Bd2 Qe6 52. Be3 Qd6 53. Bf2 c4
54. Bh4+ Ke6 55. Bg3 c3 56. Be1 c2 57. Bd2 Qd5 58. Qd3 e4 59. Qc3 Qe5+ 60. Kg1
Nf3+ 61. gxf3 Qxc3 0-1

[Event "Chess24 Banter Blitz Cup"]
[Site "chess24.com INT"]
[Date "2020.01.04"]
[Round "2.15"]
[White "Kovalenko, Igor"]
[Black "Neiksans, Arturs"]
[Result "1/2-1/2"]
[WhiteTitle "GM"]
[BlackTitle "GM"]
[WhiteElo "2674"]
[BlackElo "2570"]
[WhiteFideId "14117908"]
[BlackFideId "11601388"]
[EventDate "2019.09.25"]
[EventType "blitz"]

1. d4 Nf6 2. Nf3 e6 3. c4 b6 4. g3 Bb7 5. Bg2 Bb4+ 6. Bd2 a5 7. O-O O-O 8. Bf4
Be7 9. Nc3 Ne4 10. Rc1 d6 11. Nb5 c6 12. Na3 Nd7 13. Ne1 Nef6 14. Nd3 d5 15.
cxd5 Nxd5 16. Bd2 Rc8 17. Nc4 c5 18. dxc5 Nxc5 19. Nde5 Ba6 20. b3 f6 21. Nf3 e5
22. Bh3 Rb8 23. Qc2 Bc8 24. Bxc8 Qxc8 25. Rfd1 Qe6 26. Nh4 f5 27. Nf3 Rbc8 28.
Nfxe5 b5 29. Bxa5 bxc4 30. Nxc4 Ne4 31. Be1 Nb4 32. Qb1 Nd5 33. Qd3 Rfd8 34. Qf3
Bf6 35. a3 Ne7 36. e3 Rb8 37. b4 Rxd1 38. Qxd1 Nd5 39. Na5 Ndc3 40. Bxc3 Nxc3
41. Qf3 Rc8 42. Kg2 Ne4 43. Rxc8+ Qxc8 44. Qe2 g6 45. Qc4+ Qxc4 46. Nxc4 Kf7 47.
b5 Ke6 48. b6 Nc5 49. a4 Kd5 50. Nd2 Be5 51. a5 Kc6 52. Nc4 Bb8 53. f4 Kb5 54.
Ne5 Ka6 55. Nf7 Kxa5 56. Ng5 h5 57. Nh7 Nd7 58. Kf3 Kxb6 59. e4 Kc6 60. exf5
gxf5 61. h3 Kd5 62. g4 hxg4+ 63. hxg4 fxg4+ 64. Kxg4 Ne5+ 65. fxe5 Bxe5 1/2-1/2

[Event "Chess24 Banter Blitz Cup"]
[Site "chess24.com INT"]
[Date "2020.01.04"]
[Round "2.16"]
[White "Neiksans, Arturs"]
[Black "Kovalenko, Igor"]
[Result "0-1"]
[WhiteTitle "GM"]
[BlackTitle "GM"]
[WhiteElo "2570"]
[BlackElo "2674"]
[WhiteFideId "11601388"]
[BlackFideId "14117908"]
[EventDate "2019.09.25"]
[EventType "blitz"]

1. Nf3 Nf6 2. g3 g6 3. Bg2 Bg7 4. O-O O-O 5. d3 d5 6. Nbd2 Nc6 7. d4 Re8 8. c3
e5 9. Nxe5 Nxe5 10. dxe5 Rxe5 11. Nf3 Re8 12. Be3 c6 13. Bd4 Bg4 14. Ne5 Bf5 15.
Nd3 Qc8 16. Re1 a5 17. a4 Bxd3 18. exd3 Nh5 19. Be3 Qd7 20. Qb3 Nf6 21. Bd4 Ng4
22. Bxg7 Kxg7 23. h3 Ne5 24. Rad1 Qc7 25. Qa3 f5 26. Re3 Nf7 27. Rde1 Nd6 28.
Qc5 Rxe3 29. Rxe3 Re8 30. Qd4+ Kf7 31. Kf1 Rxe3 32. Qxe3 Ne8 33. Qc5 Nf6 34. Bf3
b6 35. Qd4 Qd8 36. Qe5 h5 37. Kg2 Ng8 38. c4 Ne7 39. Qd4 Ke8 40. c5 bxc5 41.
Qxc5 Kd7 42. b4 axb4 43. Qxb4 Qc7 44. a5 c5 45. Qb5+ Qc6 46. Qb8 Qc8 47. Qb6 Qc7
48. Qb5+ Qc6 49. Qb2 Qa6 50. Qe5 Qxd3 51. Qb8 Qa6 52. Qe5 Qxa5 53. Bxd5 Qa6 54.
Bf3 Qd6 55. Qc3 Ke6 56. Qc4+ Kf6 57. h4 Qe5 58. Qd3 f4 59. Qd8 fxg3 60. fxg3 Ke6
61. Qe8 Kd6 62. Qf7 Qe6 63. Qf4+ Qe5 64. Qc4 Qd4 65. Qa6+ Ke5 66. Qb7 Kf6 67.
Qb8 Qd2+ 68. Kh3 Qd7+ 69. Kh2 Qd2+ 70. Bg2 Qd4 71. Qh8+ Ke6 72. Qe8 Kf6 73. Qb5
Kf7 74. Qb6 c4 75. Qb4 Nf5 76. Qb7+ Kf6 77. Qf3 Qd6 78. Qe4 c3 79. Qe1 Qxg3+ 80.
Qxg3 Nxg3 0-1

[Event "Chess24 Banter Blitz Cup"]
[Site "chess24.com INT"]
[Date "2020.01.08"]
[Round "1.1"]
[White "Tang, Andrew"]
[Black "Melkumyan, Hrant"]
[Result "1-0"]
[WhiteTitle "GM"]
[BlackTitle "GM"]
[WhiteElo "2507"]
[BlackElo "2650"]
[WhiteFideId "2059630"]
[BlackFideId "13302485"]
[EventDate "2019.09.25"]
[EventType "blitz"]

1. d4 Nf6 2. c4 e6 3. Nc3 Bb4 4. Qc2 d5 5. cxd5 exd5 6. Bg5 h6 7. Bh4 Nc6 8. e3
g5 9. Bg3 Ne4 10. Bd3 Qe7 11. Ne2 h5 12. Bxe4 dxe4 13. d5 Nd8 14. Bxc7 O-O 15.
d6 Bxd6 16. Bxd6 Qxd6 17. Nxe4 Qb4+ 18. N2c3 f6 19. O-O Be6 20. Rfd1 Kg7 21. Nd5
Bxd5 22. Rxd5 Rf7 23. Nd6 Rf8 24. Nf5+ Kg8 25. Rd7 Qb5 26. Nh6+ Kh8 27. Qh7# 1-0

[Event "Chess24 Banter Blitz Cup"]
[Site "chess24.com INT"]
[Date "2020.01.08"]
[Round "1.2"]
[White "Melkumyan, Hrant"]
[Black "Tang, Andrew"]
[Result "0-1"]
[WhiteTitle "GM"]
[BlackTitle "GM"]
[WhiteElo "2650"]
[BlackElo "2507"]
[WhiteFideId "13302485"]
[BlackFideId "2059630"]
[EventDate "2019.09.25"]
[EventType "blitz"]

1. d4 d5 2. c4 e6 3. Nf3 Nf6 4. Nc3 Be7 5. Bf4 O-O 6. e3 b6 7. Bd3 c5 8. cxd5
Nxd5 9. Nxd5 exd5 10. dxc5 bxc5 11. O-O Be6 12. Qe2 Nc6 13. Rfd1 Qb6 14. Rac1
Rfd8 15. h3 Bf6 16. b3 h6 17. e4 Nb4 18. Bb1 c4 19. e5 Be7 20. Be3 Qa6 21. Nd4
Rac8 22. f4 cxb3 23. Qxa6 Nxa6 24. axb3 Nc5 25. f5 Bd7 26. g4 a5 27. Kg2 a4 28.
bxa4 Bxa4 29. Re1 Rb8 30. f6 Rb2+ 31. Kg1 gxf6 32. Nf5 Bf8 33. Bxc5 fxe5 34.
Bxf8 Kxf8 35. Rxe5 d4 36. Bd3 Rb3 37. Bf1 d3 38. Bxd3 Rbxd3 39. Kh2 Rd2+ 40. Kg3
Bd7 41. Nxh6 Kg7 42. Nf5+ Kf6 43. Rec5 Be6 44. Ne3 R8d3 45. Rf1+ Ke7 46. Rf3 Kd6
47. Ra5 Ke7 48. Nf5+ Kd7 49. Rxd3+ Rxd3+ 50. Kh4 Kc7 51. Ra7+ Kb6 52. Ra4 Kb5
53. Rf4 Kb6 54. Ng3 Bd5 55. Ne4 Re3 56. Rf6+ Be6 57. Ng5 Kc5 58. Nxe6+ fxe6 59.
g5 Kd6 60. Kg4 Ke5 61. Kh5 Rxh3+ 0-1

[Event "Chess24 Banter Blitz Cup"]
[Site "chess24.com INT"]
[Date "2020.01.08"]
[Round "1.3"]
[White "Tang, Andrew"]
[Black "Melkumyan, Hrant"]
[Result "1/2-1/2"]
[WhiteTitle "GM"]
[BlackTitle "GM"]
[WhiteElo "2507"]
[BlackElo "2650"]
[WhiteFideId "2059630"]
[BlackFideId "13302485"]
[EventDate "2019.09.25"]
[EventType "blitz"]

1. d4 Nf6 2. c4 g6 3. f3 c5 4. d5 e6 5. e4 exd5 6. cxd5 d6 7. Nc3 a6 8. Nge2 Bg7
9. a4 Nbd7 10. Ng3 h5 11. Be2 Nh7 12. Be3 Qe7 13. O-O O-O 14. Qd2 h4 15. Nh1 f5
16. exf5 gxf5 17. Rae1 Qxe3+ 18. Qxe3 Bd4 19. Qxd4 cxd4 20. Nb1 Nc5 21. Bd1 Nf6
22. Nd2 Nxd5 23. Nb3 Ne3 24. Nxd4 Nxf1 25. Kxf1 Bd7 26. a5 Rae8 27. Nf2 Rxe1+
28. Kxe1 Kg7 29. Kd2 Kf6 30. b4 Ne6 31. Ne2 Bc6 32. Bb3 Rg8 33. Nf4 Bd7 34. N2d3
Rg5 35. Nd5+ Kf7 36. Ne1 Kf8 37. Ke3 Rg7 38. Kf2 Bc6 39. Nc2 Bxd5 40. Bxd5 Nf4
41. Ne3 Nxd5 42. Nxd5 Kf7 43. g3 hxg3+ 44. hxg3 Ke6 45. Nf4+ Ke5 46. Nh5 Rc7 47.
Nf4 Rc2+ 48. Ke3 Rc3+ 49. Ke2 Rb3 50. Kf2 Kd4 51. Ng6 Rxb4 52. Ne7 Rb5 53. Nc8
Ke5 54. Nb6 Rxb6 55. axb6 d5 56. Ke3 a5 57. Kd3 a4 58. Kc3 d4+ 59. Kc4 a3 60.
Kb3 d3 61. f4+ Ke4 62. g4 d2 63. gxf5 d1=Q+ 64. Kxa3 Qd4 65. f6 Qxb6 66. f7 Qd6+
67. Kb3 Qf8 68. f5 Qxf7+ 69. Kb4 Qxf5 70. Ka4 Qe5 71. Ka3 Qd5 72. Kb2 Qc4 73.
Kb1 Qb3+ 74. Ka1 1/2-1/2

[Event "Chess24 Banter Blitz Cup"]
[Site "chess24.com INT"]
[Date "2020.01.08"]
[Round "1.4"]
[White "Melkumyan, Hrant"]
[Black "Tang, Andrew"]
[Result "0-1"]
[WhiteTitle "GM"]
[BlackTitle "GM"]
[WhiteElo "2650"]
[BlackElo "2507"]
[WhiteFideId "13302485"]
[BlackFideId "2059630"]
[EventDate "2019.09.25"]
[EventType "blitz"]

1. c4 e6 2. g3 d5 3. Bg2 Nf6 4. Nf3 Be7 5. O-O O-O 6. d4 dxc4 7. Qc2 a6 8. a4
Bd7 9. Qxc4 Bc6 10. Bg5 Nbd7 11. Nc3 h6 12. Bxf6 Nxf6 13. a5 Ne4 14. Rfd1 Nxc3
15. bxc3 Bb5 16. Qa2 Bc6 17. Ne5 Bxg2 18. Kxg2 c6 19. Rab1 Rb8 20. e4 Bd6 21.
Nf3 Bc7 22. Ra1 Qe7 23. Rdb1 Rfd8 24. Qc4 e5 25. Re1 Rd7 26. h4 Rbd8 27. h5 Bb8
28. Ra2 Kf8 29. Rb2 Qf6 30. Qc5+ Bd6 31. Qc4 Bb8 32. Re3 Qe7 33. Qb4 Qxb4 34.
Rxb4 c5 35. dxc5 Rc8 36. Rc4 f6 37. Re2 Ba7 38. Rb2 Rxc5 39. Rxc5 Bxc5 40. Nh4
Be7 41. Nf5 Bd8 42. Ra2 Rd3 43. Ra3 Rd7 44. Kf3 Be7 45. Rb3 Bc5 46. Nh4 Ke8 47.
Nf5 Kd8 48. Kg2 Kc8 49. f3 Bf8 50. Kh3 Rc7 51. Kg4 Rc5 52. Ra3 Rc4 53. Rb3 Ra4
54. Rb1 Rxa5 55. Nh4 Rc5 56. Kf5 Rxc3 57. Ke6 Rc7 58. Ng6 Bc5 59. f4 exf4 60.
gxf4 a5 61. e5 fxe5 62. fxe5 a4 63. Kd5 a3 64. Ra1 b5 65. e6 b4 66. Ne5 b3 67.
Nd3 b2 68. Nxb2 axb2 69. Rb1 Ba3 70. Kd4 Rc1 71. e7 Kd7 0-1

[Event "Chess24 Banter Blitz Cup"]
[Site "chess24.com INT"]
[Date "2020.01.08"]
[Round "1.5"]
[White "Tang, Andrew"]
[Black "Melkumyan, Hrant"]
[Result "1-0"]
[WhiteTitle "GM"]
[BlackTitle "GM"]
[WhiteElo "2507"]
[BlackElo "2650"]
[WhiteFideId "2059630"]
[BlackFideId "13302485"]
[EventDate "2019.09.25"]
[EventType "blitz"]

1. d4 Nf6 2. Bf4 g6 3. Nc3 d5 4. e3 c6 5. h4 Qb6 6. a3 Bg4 7. f3 Bd7 8. Bd3 c5
9. dxc5 Qxc5 10. Nge2 Bg7 11. Qd2 Nc6 12. Nb5 e5 13. Nc7+ Kd8 14. b4 Qe7 15.
Nxa8 exf4 16. Nxf4 Nh5 17. O-O-O Nxf4 18. exf4 Qf6 19. c3 Kc8 20. Bc2 d4 21.
cxd4 Nxd4 22. Qc3+ Bc6 23. Kb1 Nxc2 24. Qxf6 Bxf6 25. Kxc2 Ba4+ 26. Kb1 Bxd1 27.
Rxd1 Kb8 28. Rd7 Kxa8 29. Rxf7 Bxh4 30. f5 gxf5 31. Rxf5 Bg3 32. Rh5 h6 33. Kc2
Kb8 34. a4 Rg8 35. Kd3 Bf4 36. g4 Re8 37. Rf5 Re3+ 38. Kd4 Rxf3 39. Ke4 Rb3 40.
Rf8+ Kc7 41. Rf7+ Kd6 42. Kxf4 Rxb4+ 43. Kf5 a5 44. Rf6+ Kd5 45. Rxh6 Rxa4 46.
g5 Ra1 47. g6 Rf1+ 48. Kg5 a4 49. g7 Rg1+ 50. Kf6 Rxg7 51. Kxg7 b5 52. Kf6 a3
53. Rh5+ Kc4 54. Ke5 a2 55. Rh4+ Kb3 56. Rh1 Ka3 57. Kd4 b4 58. Kc4 b3 59. Kc3
b2 60. Rh8 Ka4 61. Ra8+ Kb5 62. Kxb2 a1=Q+ 63. Rxa1 Kb6 64. Ra3 Kb5 65. Kc2 Kc5
66. Rb3 Kd5 67. Rc3 Ke4 68. Rd3 Ke5 69. Kd2 Kf5 70. Re3 Kf4 71. Ke2 Kf5 72. Rf3+
Ke5 73. Ke3 Kd5 74. Rf4 1-0

[Event "Chess24 Banter Blitz Cup"]
[Site "chess24.com INT"]
[Date "2020.01.08"]
[Round "1.6"]
[White "Melkumyan, Hrant"]
[Black "Tang, Andrew"]
[Result "0-1"]
[WhiteTitle "GM"]
[BlackTitle "GM"]
[WhiteElo "2650"]
[BlackElo "2507"]
[WhiteFideId "13302485"]
[BlackFideId "2059630"]
[EventDate "2019.09.25"]
[EventType "blitz"]

1. d4 d5 2. c4 e6 3. Nc3 Be7 4. Nf3 Nf6 5. Bf4 O-O 6. e3 Nbd7 7. Be2 c5 8. cxd5
Nxd5 9. Nxd5 exd5 10. dxc5 Nxc5 11. Be5 Bf6 12. Bxf6 Qxf6 13. Qd4 Qxd4 14. Nxd4
Ne6 15. O-O-O Nxd4 16. Rxd4 Be6 17. Kd2 Rac8 18. Bf3 Rfd8 19. Rc1 Rxc1 20. Kxc1
Kf8 21. Kd2 Ke7 22. h4 h6 23. a3 f6 24. Be2 g5 25. Bd3 Kd6 26. g3 b6 27. Rb4 Rc8
28. Rd4 Rc5 29. Bc2 Rc7 30. b4 Rc8 31. Bb3 Rd8 32. Kc3 Rd7 33. Rd1 Ke5 34. Rh1
Rc7+ 35. Kd2 g4 36. Bd1 Bf5 37. h5 Be4 38. Rf1 f5 39. f4+ gxf3 40. Rg1 d4 41.
exd4+ Kxd4 42. g4 f2 43. Rf1 fxg4 44. Rxf2 g3 45. Rf4 g2 46. Rg4 Rc3 47. a4 Rd3+
48. Ke2 Ra3 49. a5 Ra2+ 50. Ke1 Ke3 51. axb6 axb6 52. Rg3+ Kf4 53. Rg8 Bf3 54.
Rf8+ Kg3 55. Rg8+ Kh2 56. Bxf3 g1=Q+ 57. Rxg1 Kxg1 58. b5 Rb2 59. Bc6 Kh2 0-1

[Event "Chess24 Banter Blitz Cup"]
[Site "chess24.com INT"]
[Date "2020.01.08"]
[Round "1.7"]
[White "Tang, Andrew"]
[Black "Melkumyan, Hrant"]
[Result "1-0"]
[WhiteTitle "GM"]
[BlackTitle "GM"]
[WhiteElo "2507"]
[BlackElo "2650"]
[WhiteFideId "2059630"]
[BlackFideId "13302485"]
[EventDate "2019.09.25"]
[EventType "blitz"]

1. d4 Nf6 2. Bf4 g6 3. e3 Bg7 4. Nf3 O-O 5. h3 d6 6. Be2 Nc6 7. O-O Nd7 8. e4 e5
9. Bg5 Bf6 10. Bh6 Bg7 11. Bxg7 Kxg7 12. Nc3 Nf6 13. Qd2 Re8 14. Rad1 Bd7 15.
dxe5 dxe5 16. Qe3 Qe7 17. Nd5 Nxd5 18. exd5 Nd8 19. c4 b6 20. Qc3 f6 21. b4 a5
22. a3 axb4 23. axb4 Nf7 24. c5 bxc5 25. bxc5 Bf5 26. Rfe1 Red8 27. Bb5 Rab8 28.
Bc6 Qf8 29. g4 Bd7 30. g5 Nxg5 31. Nxg5 fxg5 32. Qxe5+ Kh6 33. h4 Qf5 34. hxg5+
Qxg5+ 35. Qxg5+ Kxg5 36. Bxd7 Rxd7 37. c6 Rf7 38. Re5+ Kf6 39. Re6+ Kg7 40. d6
cxd6 41. Rdxd6 Rc8 42. Rd7 h5 43. Kg2 Rxd7 44. cxd7 Rd8 45. Re7+ Kf6 46. Rh7 Ke6
47. Rg7 Kf6 48. Rh7 Ra8 49. Kg3 Ra3+ 50. f3 Rd3 51. Kf4 Rd4+ 52. Ke3 Rd6 53. Ke4
Rd1 54. f4 Ke6 55. Rg7 Kf6 56. Rh7 Rd2 57. Ke3 Rd6 58. Ke4 Ke6 59. Rg7 Kf6 60.
Rh7 Rd1 61. Ke3 Re1+ 62. Kd4 Rd1+ 63. Kc5 Ke6 64. Kc6 h4 65. Kc5 Rxd7 66. Rxh4
Kf5 67. Kc4 Rc7+ 68. Kd4 Re7 69. Rh3 Re4+ 70. Kd3 Rxf4 71. Rh1 g5 72. Ke2 g4 73.
Rc1 Kg5 74. Rc5+ Rf5 75. Rc7 Re5+ 76. Kf2 Rf5+ 77. Kg2 Rf6 78. Rc2 Rf5 79. Rb2
Kf4 80. Ra2 Kg5 81. Ra4 Rf4 82. Ra2 Rf5 83. Kg3 Rd5 84. Kh2 Rd3 85. Rg2 Rh3+ 86.
Kg1 Kh4 87. Re2 Rg3+ 88. Kf1 Rg2 89. Ke1 g3 90. Rxg2 1-0

[Event "Chess24 Banter Blitz Cup"]
[Site "chess24.com INT"]
[Date "2020.01.08"]
[Round "1.8"]
[White "Melkumyan, Hrant"]
[Black "Tang, Andrew"]
[Result "0-1"]
[WhiteTitle "GM"]
[BlackTitle "GM"]
[WhiteElo "2650"]
[BlackElo "2507"]
[WhiteFideId "13302485"]
[BlackFideId "2059630"]
[EventDate "2019.09.25"]
[EventType "blitz"]

1. d4 d5 2. c4 e6 3. Nf3 Nf6 4. g3 dxc4 5. Bg2 Nc6 6. Qa4 Bd6 7. Nbd2 a6 8. Nxc4
b5 9. Nxd6+ cxd6 10. Qa3 Bb7 11. O-O O-O 12. Bg5 Rc8 13. Rac1 b4 14. Qa4 h6 15.
Bxf6 Qxf6 16. Rfd1 Rc7 17. a3 a5 18. axb4 axb4 19. Ra1 Rfc8 20. Qb5 Rb8 21. Qd3
d5 22. Rdc1 Rbc8 23. Rd1 g6 24. h4 Kg7 25. e3 Rb8 26. Rdc1 Rbc8 27. Qd2 Kg8 28.
Ne1 Qe7 29. Nd3 Qd6 30. Nc5 Rb8 31. Bf1 Bc8 32. Nd3 Bb7 33. Rc5 Rbc8 34. Rac1
Ba6 35. Nxb4 Nxb4 36. Qxb4 Bxf1 37. Kxf1 Ra8 38. Kg2 Kg7 39. Qc3 Rb7 40. b4 Rab8
41. b5 Rxb5 42. Rc6 Qe7 43. Rc7 Qf6 44. Rc2 Rb3 45. Qd2 Qf5 46. Qe2 R8b7 47.
Rxb7 Rxb7 48. Rc1 Ra7 49. Qf3 Qd3 50. Rd1 Qc2 51. g4 Ra2 52. g5 hxg5 53. hxg5
Qf5 54. Qxf5 gxf5 55. Kf3 Kg6 56. Rg1 Rb2 57. Rg2 Rd2 58. Kf4 Rc2 59. Kf3 Rd2
60. Kf4 Rd3 61. Kf3 f4 62. Kxf4 Rd2 63. Kf3 Ra2 64. Rg4 Kf5 65. Kg3 Re2 66. Rf4+
Kg6 67. Rf6+ Kg7 68. Kf3 Ra2 69. Kf4 Ra1 70. f3 Rg1 71. Rh6 Rg2 72. Rh4 Rd2 73.
Rg4 Rd1 74. g6 fxg6 75. Rg5 Kf7 76. Rg3 Kf6 77. Rg2 Rh1 78. Rg4 Rh5 79. Rg3 g5+
80. Kg4 Rh4# 0-1